000 00459nam a2200169Ia 4500
008 131103s9999 xx 000 0 und d
040 _aLoreto College
041 _aEnglish
082 _aF/GAR
_bLCLIB/14332
100 _aGardner,Erle Stanley
245 4 _aThe case of the lucky loser
_cErle Stanley Gardner
260 _aNew York
_bPocket Books,Inc
_c1957
300 _a178 p.
_c 18 cm.
650 _aFiction in English
850 _aLCLIB
942 _cBK
999 _c14179
_d64658